<?xml version="1.0" encoding="UTF-8"?>
<record
    xmlns:xsi="http://www.w3.org/2001/XMLSchema-instance"
    xsi:schemaLocation="http://www.loc.gov/MARC21/slim http://www.loc.gov/standards/marcxml/schema/MARC21slim.xsd"
    xmlns="http://www.loc.gov/MARC21/slim">

  <leader>00926nam a22001815i 4500</leader>
  <controlfield tag="001">163361</controlfield>
  <controlfield tag="003">ES-MaACL</controlfield>
  <controlfield tag="005">20251109135024.0</controlfield>
  <controlfield tag="008">991008s1872    sp           |||| | spa d</controlfield>
  <datafield tag="040" ind1=" " ind2=" ">
    <subfield code="a">CCPB | B </subfield>
    <subfield code="b">spa </subfield>
    <subfield code="c">CCPB | B</subfield>
  </datafield>
  <datafield tag="100" ind1="1" ind2=" ">
    <subfield code="a">Retes, Francisco Luis de, </subfield>
    <subfield code="d">1822-1901</subfield>
    <subfield code="9">131729</subfield>
  </datafield>
  <datafield tag="245" ind1="1" ind2="3">
    <subfield code="a">La raz&#xF3;n de la fuerza </subfield>
    <subfield code="b">: comedia en tres actos y en verso / </subfield>
    <subfield code="c">original de los se&#xF1;ores D. Francisco Luis de Retes y D. Francisco P&#xE9;rez Echevarr&#xED;a.</subfield>
  </datafield>
  <datafield tag="260" ind1=" " ind2=" ">
    <subfield code="a">Madrid : </subfield>
    <subfield code="b">Administraci&#xF3;n L&#xED;rico-Dram&#xE1;tica, </subfield>
    <subfield code="c">1872 (</subfield>
    <subfield code="f">Imprenta de Jos&#xE9; Rodr&#xED;guez)</subfield>
  </datafield>
  <datafield tag="300" ind1=" " ind2=" ">
    <subfield code="a">95 p. ; </subfield>
    <subfield code="c">20 cm.</subfield>
  </datafield>
  <datafield tag="700" ind1="1" ind2=" ">
    <subfield code="a">P&#xE9;rez Echevarr&#xED;a, Francisco, </subfield>
    <subfield code="d">1842-1884</subfield>
    <subfield code="9">131463</subfield>
  </datafield>
  <datafield tag="852" ind1=" " ind2=" ">
    <subfield code="a">ES-MaACL</subfield>
    <subfield code="j">F-8574(6) </subfield>
    <subfield code="z">-- Enc. pasta espa&#xF1;ola, falto de la cub. original</subfield>
    <subfield code="z">-- Enc. en un vol. facticio formando parta de la Col. "Teatro espa&#xF1;ol moderno" vol. 27 </subfield>
    <subfield code="z">.- Dedicatoria manuscrita de los autores en anteport.</subfield>
  </datafield>
  <datafield tag="999" ind1=" " ind2=" ">
    <subfield code="c">163361</subfield>
    <subfield code="d">163361</subfield>
  </datafield>
  <datafield tag="952" ind1=" " ind2=" ">
    <subfield code="0">0</subfield>
    <subfield code="1">0</subfield>
    <subfield code="4">0</subfield>
    <subfield code="7">0</subfield>
    <subfield code="8">LIBXIX</subfield>
    <subfield code="a">ATENEOM</subfield>
    <subfield code="b">ATENEOM</subfield>
    <subfield code="c">SPP2</subfield>
    <subfield code="d">2008-01-17</subfield>
    <subfield code="l">0</subfield>
    <subfield code="o">F-8574(6)</subfield>
    <subfield code="p">1171187</subfield>
    <subfield code="r">2023-02-23 00:00:00</subfield>
    <subfield code="w">2023-02-23</subfield>
    <subfield code="y">MONANT</subfield>
  </datafield>
</record>
